[Event "EUYCC 2025 - U10"]
[Site "?"]
[Date "2025.08.23"]
[Round "5.7"]
[White "Siska, Samuel"]
[Black "Grigorescu, Stefan"]
[Result "0-1"]
[BlackElo "1465"]
[WhiteElo "1687"]
[LiveChessVersion "1.4.8"]

1. d4 {[%clk 1:30:31]} d5 {[%clk 1:30:40]} 2. Nf3 {[%clk 1:29:54]} Bf5
{[%clk 1:29:51]} 3. e3 {[%clk 1:28:42]} a6 {[%clk 1:27:14]} 4. Bd3
{[%clk 1:27:42]} Bg6 {[%clk 1:25:11]} 5. O-O {[%clk 1:26:49]} Nc6
{[%clk 1:25:20]} 6. a3 {[%clk 1:26:43]} Qd7 {[%clk 1:25:03]} 7. b4
{[%clk 1:24:44]} e6 {[%clk 1:12:35]} 8. Bb2 {[%clk 1:22:47]} Bd6 {[%clk 1:10:04]}
9. Qe2 {[%clk 1:17:28]} Nge7 {[%clk 1:08:26]} 10. Nbd2 {[%clk 1:16:10]} Nc8
{[%clk 1:05:03]} 11. c4 {[%clk 1:15:17]} Bxd3 {[%clk 1:02:34]} 12. Qxd3 dxc4
{[%clk 1:02:56]} 13. Nxc4 {[%clk 1:15:30]} b5 {[%clk 1:03:19]} 14. Ncd2
{[%clk 1:14:39]} Nb6 {[%clk 1:02:07]} 15. e4 {[%clk 1:11:26]} Na4
{[%clk 0:57:56]} 16. Bc1 {[%clk 1:07:39]} O-O {[%clk 0:49:38]} 17. Nb3
{[%clk 1:06:11]} f5 {[%clk 0:47:56]} 18. Re1 {[%clk 1:02:39]} Be5
{[%clk 0:38:53]} 19. exf5 {[%clk 0:55:49]} Rxf5 {[%clk 0:38:52]} 20. g4
{[%clk 0:55:33]} Bxd4 {[%clk 0:38:00]} 21. Nfxd4 {[%clk 0:53:51]} Rd5
{[%clk 0:37:56]} 22. Re4 {[%clk 0:25:32]} e5 {[%clk 0:38:02]} 23. Be3
{[%clk 0:24:53]} exd4 {[%clk 0:38:09]} 24. Bxd4 {[%clk 0:23:22]} Rd8
{[%clk 0:37:26]} 25. Rd1 {[%clk 0:23:47]} Nb2 {[%clk 0:37:52]} 26. Nc5
{[%clk 0:22:52]} Nxd3 {[%clk 0:35:22]} 27. Nxd7 {[%clk 0:23:13]} R8xd7
{[%clk 0:35:47]} 28. Rxd3 {[%clk 0:21:01]} Rxd4 {[%clk 0:36:11]} 29. Rexd4
{[%clk 0:21:23]} Rxd4 {[%clk 0:36:24]} 30. Rxd4 {[%clk 0:21:47]} Nxd4
{[%clk 0:36:49]} 0-1

[Event "EUYCC 2025 - U10"]
[Site "?"]
[Date "2025.08.23"]
[Round "5.12"]
[White "Zlamal, Jakub"]
[Black "Vratny, Vojtech"]
[Result "1/2-1/2"]
[BlackElo "1645"]
[WhiteElo "1441"]
[LiveChessVersion "1.4.8"]

1. e4 {[%clk 1:30:46]} c5 {[%clk 1:30:46]} 2. Nf3 {[%clk 1:30:53]} Nc6
{[%clk 1:30:58]} 3. d4 {[%clk 1:30:34]} cxd4 {[%clk 1:31:10]} 4. Nxd4
{[%clk 1:30:48]} g6 {[%clk 1:31:26]} 5. c4 {[%clk 1:29:50]} Bg7 {[%clk 1:31:33]}
6. Be3 {[%clk 1:29:14]} d6 {[%clk 1:29:17]} 7. Nc3 {[%clk 1:21:49]} Nf6
{[%clk 1:29:34]} 8. f3 {[%clk 1:21:08]} O-O {[%clk 1:29:05]} 9. Be2
{[%clk 1:21:10]} Bd7 {[%clk 1:24:51]} 10. Qd2 {[%clk 1:15:36]} Rc8
{[%clk 1:23:29]} 11. Rc1 {[%clk 1:14:23]} Ne5 {[%clk 1:21:55]} 12. b3
{[%clk 1:10:57]} Nc6 {[%clk 1:19:17]} 13. O-O {[%clk 1:08:28]} Nxd4
{[%clk 1:18:58]} 14. Bxd4 {[%clk 1:07:41]} Bc6 {[%clk 1:15:56]} 15. Kh1
{[%clk 1:06:05]} Qa5 {[%clk 1:11:59]} 16. Qb2 {[%clk 1:03:07]} Nh5
{[%clk 1:08:39]} 17. Bxg7 {[%clk 1:01:14]} Nxg7 {[%clk 1:08:48]} 18. Rfd1
{[%clk 0:58:16]} Ne6 {[%clk 1:05:26]} 19. Bd3 {[%clk 0:55:24]} Qe5
{[%clk 1:04:33]} 20. Qd2 {[%clk 0:54:30]} Qf4 {[%clk 1:04:17]} 21. Qxf4
{[%clk 0:54:17]} Nxf4 {[%clk 1:04:36]} 22. Ne2 {[%clk 0:54:33]} Ne6
{[%clk 1:03:51]} 23. Bc2 {[%clk 0:54:24]} b5 {[%clk 1:03:16]} 24. Bd3
{[%clk 0:53:03]} a6 {[%clk 1:03:16]} 25. cxb5 {[%clk 0:50:07]} Bxb5
{[%clk 1:03:18]} 26. Bxb5 {[%clk 0:49:47]} axb5 {[%clk 1:03:39]} 27. h3
{[%clk 0:49:17]} b4 {[%clk 1:03:06]} 28. Rc4 {[%clk 0:46:18]} Rxc4
{[%clk 1:03:10]} 29. bxc4 {[%clk 0:46:39]} Ra8 {[%clk 1:02:42]} 30. Ra1
{[%clk 0:46:30]} Ra3 {[%clk 1:02:21]} 31. Nc1 {[%clk 0:45:43]} Nd4
{[%clk 1:00:01]} 32. Kg1 {[%clk 0:44:14]} b3 {[%clk 0:59:37]} 33. Rb1
{[%clk 0:38:53]} bxa2 {[%clk 0:59:45]} 34. Ra1 {[%clk 0:39:09]} Nc2
{[%clk 1:00:06]} 35. Rxa2 {[%clk 0:39:18]} Rxa2 {[%clk 1:00:25]} 36. Nxa2
{[%clk 0:39:39]} Na3 {[%clk 1:00:49]} 37. Kf2 {[%clk 0:39:50]} Nxc4
{[%clk 1:01:09]} 38. Nc3 {[%clk 0:39:56]} Kg7 {[%clk 1:01:04]} 39. g4
{[%clk 0:39:43]} Kf6 {[%clk 0:58:01]} 40. f4 {[%clk 0:37:00]} e5 {[%clk 0:58:03]}
41. Kg3 {[%clk 0:36:44]} exf4+ {[%clk 0:55:15]} 42. Kxf4 {[%clk 0:36:39]} g5+
{[%clk 0:55:18]} 43. Kf3 {[%clk 0:35:40]} Ke5 {[%clk 0:55:33]} 44. Nb1
{[%clk 0:33:50]} Nd2+ {[%clk 0:55:53]} 45. Nxd2 {[%clk 0:33:14]} d5
{[%clk 0:56:00]} 46. exd5 {[%clk 0:33:13]} Kxd5 {[%clk 0:56:23]} 47. Ne4
{[%clk 0:33:35]} h6 {[%clk 0:56:34]} 48. Nf6+ {[%clk 0:33:36]} Ke5
{[%clk 0:56:23]} 49. Ne4 {[%clk 0:33:06]} f5 {[%clk 0:56:39]} 50. gxf5
{[%clk 0:33:17]} Kxf5 {[%clk 0:56:56]} 51. Ng3+ {[%clk 0:33:42]} 1/2-1/2

[Event "EUYCC 2025 - U10"]
[Site "?"]
[Date "2025.08.23"]
[Round "5.13"]
[White "Andrasinova, Natalia"]
[Black "Karcz, Aleksandra"]
[Result "0-1"]
[BlackElo "1485"]
[WhiteElo "1572"]
[LiveChessVersion "1.4.8"]

1. e4 {[%clk 1:30:57]} e5 {[%clk 1:31:00]} 2. Nf3 {[%clk 1:31:19]} Nc6
{[%clk 1:31:25]} 3. Bb5 {[%clk 1:31:42]} a6 {[%clk 1:31:50]} 4. Bxc6
{[%clk 1:32:04]} bxc6 {[%clk 1:32:12]} 5. d4 {[%clk 1:31:13]} exd4
{[%clk 1:32:21]} 6. Qxd4 {[%clk 1:31:33]} h6 {[%clk 1:32:28]} 7. Nc3
{[%clk 1:31:01]} d6 {[%clk 1:31:29]} 8. h3 {[%clk 1:28:49]} Nf6 {[%clk 1:31:37]}
9. e5 {[%clk 1:26:16]} Nd7 {[%clk 1:30:26]} 10. Bf4 {[%clk 1:23:33]} d5
{[%clk 1:29:48]} 11. Qa4 {[%clk 1:15:55]} Bb7 {[%clk 1:28:29]} 12. a3
{[%clk 1:12:26]} Be7 {[%clk 1:27:29]} 13. O-O-O {[%clk 1:09:21]} O-O
{[%clk 1:23:37]} 14. g4 {[%clk 1:05:44]} Nb6 {[%clk 1:23:39]} 15. Qd4
{[%clk 1:03:17]} c5 {[%clk 1:22:27]} 16. Qd2 {[%clk 0:59:12]} d4 {[%clk 1:21:34]}
17. Qe2 {[%clk 0:57:22]} Qc8 {[%clk 1:18:12]} 18. Ne4 {[%clk 0:53:25]} Qe6
{[%clk 1:10:03]} 19. b3 {[%clk 0:48:06]} a5 {[%clk 1:08:18]} 20. a4
{[%clk 0:41:53]} Qc6 {[%clk 0:55:19]} 21. Nfd2 {[%clk 0:37:13]} Nxa4
{[%clk 0:41:58]} 22. bxa4 {[%clk 0:32:18]} Qxa4 {[%clk 0:42:23]} 23. Nb1
{[%clk 0:29:04]} Rfb8 {[%clk 0:40:37]} 24. Kd2 {[%clk 0:27:15]} Qb4+
{[%clk 0:39:28]} 25. c3 {[%clk 0:26:56]} dxc3+ {[%clk 0:39:20]} 26. Nbxc3
{[%clk 0:25:52]} Rd8+ {[%clk 0:34:41]} 27. Ke1 {[%clk 0:23:29]} Bxe4
{[%clk 0:34:40]} 28. Qxe4 {[%clk 0:21:49]} Qxc3+ {[%clk 0:35:07]} 29. Bd2
{[%clk 0:21:10]} Qd4 {[%clk 0:35:01]} 30. Qxd4 {[%clk 0:20:09]} cxd4
{[%clk 0:35:23]} 31. Ra1 {[%clk 0:19:25]} Bb4 {[%clk 0:35:46]} 32. Ke2
{[%clk 0:18:12]} Bxd2 {[%clk 0:36:08]} 33. Kxd2 {[%clk 0:18:21]} Kf8
{[%clk 0:35:52]} 34. Rhc1 {[%clk 0:18:32]} Rdc8 {[%clk 0:34:29]} 35. Rc5
{[%clk 0:17:58]} a4 {[%clk 0:34:41]} 36. Kd3 Ke7 {[%clk 0:32:26]} 37. Kxd4
{[%clk 0:17:46]} Ra7 {[%clk 0:32:30]} 38. Rc4 {[%clk 0:17:43]} Rca8
{[%clk 0:30:47]} 39. Rac1 {[%clk 0:17:02]} Kd7 {[%clk 0:30:45]} 40. Kc3
{[%clk 0:15:32]} a3 {[%clk 0:30:42]} 41. Rd4+ {[%clk 0:15:10]} Ke6
{[%clk 0:30:54]} 42. f4 {[%clk 0:14:28]} a2 {[%clk 0:30:55]} 43. Ra1
{[%clk 0:13:32]} Ra4 {[%clk 0:30:03]} 44. f5+ {[%clk 0:10:56]} Kxe5
{[%clk 0:29:50]} 45. Re1+ {[%clk 0:10:41]} Kf6 {[%clk 0:29:55]} 46. Rxa4
{[%clk 0:10:29]} Rxa4 {[%clk 0:30:23]} 47. Ra1 {[%clk 0:10:08]} Ke5
{[%clk 0:30:47]} 48. Kb3 {[%clk 0:09:53]} Ra7 {[%clk 0:31:05]} 49. Kb2
{[%clk 0:09:55]} Kf4 {[%clk 0:31:27]} 50. Rf1+ {[%clk 0:09:41]} Kg3
{[%clk 0:31:54]} 51. Ka1 {[%clk 0:09:23]} Kxh3 {[%clk 0:32:12]} 52. f6
{[%clk 0:09:42]} g6 {[%clk 0:31:40]} 53. Re1 {[%clk 0:09:55]} Kxg4
{[%clk 0:31:20]} 54. Re7 {[%clk 0:10:15]} Kf5 {[%clk 0:31:47]} 55. Rxf7
{[%clk 0:10:18]} Ke6 {[%clk 0:32:16]} 56. Rh7 {[%clk 0:10:29]} Kxf6
{[%clk 0:32:42]} 57. Rxh6 {[%clk 0:10:42]} Kf5 {[%clk 0:33:09]} 58. Rh1
{[%clk 0:10:30]} g5 {[%clk 0:33:34]} 59. Rf1+ {[%clk 0:10:40]} Kg6
{[%clk 0:34:00]} 0-1

[Event "EUYCC 2025 - U10"]
[Site "?"]
[Date "2025.08.23"]
[Round "5.15"]
[White "Janousek, Matej"]
[Black "Balmus, Alexa"]
[Result "0-1"]
[BlackElo "1595"]
[WhiteElo "1447"]
[LiveChessVersion "1.4.8"]

1. e4 {[%clk 1:30:58]} e5 {[%clk 1:30:57]} 2. Nf3 {[%clk 1:31:20]} Nc6
{[%clk 1:31:20]} 3. d4 {[%clk 1:31:22]} exd4 {[%clk 1:31:45]} 4. c3
{[%clk 1:31:47]} dxc3 {[%clk 1:31:18]} 5. Bc4 {[%clk 1:32:08]} h6
{[%clk 1:31:30]} 6. O-O {[%clk 1:32:04]} d6 7. h3 {[%clk 1:30:46]} Nf6
{[%clk 1:32:12]} 8. Nxc3 {[%clk 1:30:07]} Be7 {[%clk 1:32:24]} 9. Qe2
{[%clk 1:22:19]} O-O {[%clk 1:32:05]} 10. Rd1 {[%clk 1:22:38]} Bd7
{[%clk 1:31:22]} 11. e5 {[%clk 1:20:52]} Nxe5 {[%clk 1:28:54]} 12. Nxe5
{[%clk 1:21:11]} dxe5 {[%clk 1:28:24]} 13. Qxe5 {[%clk 1:21:31]} Bd6
{[%clk 1:28:13]} 14. Qe2 {[%clk 1:19:08]} Re8 {[%clk 1:24:09]} 15. Qc2
{[%clk 1:19:19]} Qc8 {[%clk 1:20:41]} 16. g3 {[%clk 0:52:53]} Bxh3
{[%clk 1:10:16]} 17. Be3 {[%clk 0:48:22]} Bf5 {[%clk 1:08:50]} 18. Qd2
{[%clk 0:47:55]} Ng4 {[%clk 1:06:52]} 19. Nb5 {[%clk 0:39:55]} Nxe3
{[%clk 1:02:26]} 20. fxe3 {[%clk 0:40:05]} Bxg3 {[%clk 1:00:07]} 21. Qg2
{[%clk 0:23:21]} Rxe3 {[%clk 0:53:31]} 22. Rd3 {[%clk 0:16:42]} Bxd3
{[%clk 0:53:18]} 23. Bxd3 {[%clk 0:17:05]} Rxd3 {[%clk 0:53:19]} 24. Qc2
{[%clk 0:14:54]} Qd8 {[%clk 0:53:19]} 25. Rf1 {[%clk 0:12:57]} c6
{[%clk 0:52:17]} 26. Nc3 {[%clk 0:12:42]} Qd4+ {[%clk 0:51:59]} 27. Kh1
{[%clk 0:12:46]} Qh4+ {[%clk 0:51:41]} 28. Kg2 {[%clk 0:12:39]} Qh2#
{[%clk 0:51:42]} 0-1

[Event "EUYCC 2025 - U10"]
[Site "?"]
[Date "2025.08.24"]
[Round "6.1"]
[White "Perouin, Simon"]
[Black "Vinet, Matelo"]
[Result "0-1"]
[BlackElo "1708"]
[WhiteElo "1861"]
[LiveChessVersion "1.4.8"]

1. e4 {[%clk 1:30:58]} e5 {[%clk 1:30:51]} 2. Nf3 {[%clk 1:31:17]} Nc6
{[%clk 1:30:51]} 3. Bc4 {[%clk 1:31:36]} Nf6 {[%clk 1:30:29]} 4. d3
{[%clk 1:31:35]} Bc5 {[%clk 1:28:20]} 5. c3 {[%clk 1:29:57]} d6 {[%clk 1:26:48]}
6. Nbd2 {[%clk 1:27:39]} a6 {[%clk 1:25:59]} 7. a4 {[%clk 1:26:42]} Ba7
{[%clk 1:25:19]} 8. O-O {[%clk 1:20:37]} O-O {[%clk 1:24:21]} 9. Re1
{[%clk 1:20:20]} Ng4 {[%clk 1:22:27]} 10. Re2 {[%clk 1:18:41]} Kh8
{[%clk 1:22:01]} 11. h3 {[%clk 1:16:27]} Nh6 {[%clk 1:21:12]} 12. Nf1
{[%clk 1:15:34]} f5 {[%clk 1:20:51]} 13. Be3 {[%clk 1:07:07]} fxe4
{[%clk 1:18:30]} 14. dxe4 {[%clk 1:06:34]} Bxh3 {[%clk 1:15:31]} 15. Bxa7
{[%clk 0:57:14]} Rxa7 {[%clk 1:15:20]} 16. N3h2 {[%clk 0:50:27]} Bd7
{[%clk 1:10:50]} 17. Re3 {[%clk 0:47:12]} Ne7 {[%clk 1:09:31]} 18. Rf3 Ra8
{[%clk 1:08:46]} 19. Rxf8+ {[%clk 0:34:39]} Qxf8 {[%clk 1:08:46]} 20. Qe2
{[%clk 0:34:47]} Ng6 {[%clk 1:08:08]} 21. g3 {[%clk 0:34:04]} Qe7
{[%clk 1:03:43]} 22. Ne3 Be6 {[%clk 0:59:29]} 23. Bxe6 {[%clk 0:32:17]} Qxe6
{[%clk 0:59:55]} 24. Kg2 Rf8 {[%clk 0:58:21]} 25. Rh1 {[%clk 0:24:39]} Kg8
{[%clk 0:51:17]} 26. Nhg4 {[%clk 0:19:57]} Nxg4 {[%clk 0:51:05]} 27. Nxg4
{[%clk 0:18:56]} d5 {[%clk 0:49:07]} 28. Rd1 {[%clk 0:13:50]} dxe4
{[%clk 0:48:06]} 29. Qxe4 {[%clk 0:13:44]} Nf4+ {[%clk 0:48:24]} 30. Kf3
{[%clk 0:12:42]} h5 {[%clk 0:44:05]} 31. Nxe5 {[%clk 0:10:02]} Nd3+
{[%clk 0:43:35]} 32. Kg2 {[%clk 0:10:10]} Nxe5 {[%clk 0:43:37]} 33. Qxb7
{[%clk 0:09:40]} Ng4 {[%clk 0:42:20]} 34. Rd2 {[%clk 0:08:31]} Qf7
{[%clk 0:40:14]} 35. Qxa6 {[%clk 0:05:38]} Qf3+ {[%clk 0:40:24]} 36. Kg1
{[%clk 0:06:07]} Nxf2 {[%clk 0:40:19]} 37. Qc4+ {[%clk 0:02:05]} Kh8
{[%clk 0:40:39]} 38. Qh4 {[%clk 0:02:07]} Ne4 {[%clk 0:40:01]} 39. Rg2
{[%clk 0:02:16]} Nd2 {[%clk 0:37:23]} 40. Kh2 {[%clk 0:01:27]} Qd1
{[%clk 0:36:32]} 41. Kh3 {[%clk 0:00:53]} Qh1+ {[%clk 0:36:50]} 42. Rh2
{[%clk 0:01:22]} Qxh2+ {[%clk 0:37:10]} 43. Kxh2 {[%clk 0:01:47]} Nf3+
{[%clk 0:37:34]} 44. Kh3 {[%clk 0:01:39]} Nxh4 {[%clk 0:37:58]} 45. Kxh4
{[%clk 0:02:04]} Rf2 {[%clk 0:38:14]} 0-1

[Event "EUYCC 2025 - U10"]
[Site "?"]
[Date "2025.08.24"]
[Round "6.2"]
[White "Sirbu, Filip"]
[Black "Kristof, Simon"]
[Result "1/2-1/2"]
[BlackElo "1635"]
[WhiteElo "1697"]
[LiveChessVersion "1.4.8"]

1. c4 {[%clk 1:30:58]} e6 {[%clk 1:30:54]} 2. e4 {[%clk 1:31:22]} d5
{[%clk 1:30:30]} 3. exd5 {[%clk 1:31:41]} exd5 {[%clk 1:30:54]} 4. cxd5
{[%clk 1:32:04]} Qxd5 {[%clk 1:30:45]} 5. Nc3 {[%clk 1:32:19]} Qd8
{[%clk 1:30:25]} 6. Nf3 {[%clk 1:31:22]} Nf6 {[%clk 1:28:05]} 7. Bc4
{[%clk 1:31:06]} Bd6 {[%clk 1:26:31]} 8. O-O {[%clk 1:31:20]} O-O
{[%clk 1:26:23]} 9. h3 {[%clk 1:31:30]} Nc6 {[%clk 1:24:52]} 10. d4
{[%clk 1:30:00]} h6 {[%clk 1:24:23]} 11. Re1 {[%clk 1:29:18]} Re8
{[%clk 1:23:45]} 12. Be3 {[%clk 1:22:32]} a6 {[%clk 1:15:34]} 13. a3
{[%clk 1:15:48]} Bf5 {[%clk 1:10:09]} 14. b4 {[%clk 1:06:06]} b5 {[%clk 0:54:08]}
15. Bf1 {[%clk 1:03:49]} Ne7 {[%clk 0:45:46]} 16. Ne5 {[%clk 0:46:33]} Nd7
{[%clk 0:26:05]} 17. f4 {[%clk 0:42:39]} Bxe5 {[%clk 0:14:55]} 18. dxe5
{[%clk 0:42:18]} f6 {[%clk 0:11:55]} 19. g4 {[%clk 0:33:15]} Bh7 {[%clk 0:08:04]}
20. Qb3+ {[%clk 0:32:25]} Kh8 {[%clk 0:07:11]} 21. e6 {[%clk 0:32:18]} Nf8
{[%clk 0:06:13]} 22. Bg2 {[%clk 0:31:24]} Bg8 {[%clk 0:02:24]} 23. f5
{[%clk 0:25:06]} c6 {[%clk 0:00:36]} 24. Bc5 {[%clk 0:22:44]} Qc7
{[%clk 0:00:37]} 25. Rac1 {[%clk 0:22:44]} Qb7 {[%clk 0:00:32]} 26. Ne2
{[%clk 0:20:39]} Rac8 27. Red1 {[%clk 0:19:59]} Kh7 {[%clk 0:00:32]} 28. Kh1
{[%clk 0:19:57]} Kh8 {[%clk 0:00:39]} 29. Nd4 {[%clk 0:19:16]} Nd5
{[%clk 0:00:34]} 30. Nxc6 {[%clk 0:19:24]} Nf4 {[%clk 0:00:33]} 31. Bf3
{[%clk 0:18:17]} Nxh3 {[%clk 0:00:34]} 32. Ne7 {[%clk 0:16:06]} Qc7
{[%clk 0:00:34]} 33. Bg2 {[%clk 0:14:50]} Nf2+ {[%clk 0:00:37]} 34. Bxf2
{[%clk 0:13:47]} Qxe7 {[%clk 0:00:57]} 35. Bc5 {[%clk 0:13:51]} Qc7
{[%clk 0:00:36]} 36. Bxf8 {[%clk 0:11:30]} Qxc1 {[%clk 0:00:55]} 37. Rxc1
{[%clk 0:11:32]} Rxc1+ {[%clk 0:01:18]} 38. Kh2 {[%clk 0:11:56]} Rxf8
{[%clk 0:01:23]} 39. e7 {[%clk 0:12:17]} Re8 {[%clk 0:01:04]} 40. Bd5
{[%clk 0:09:24]} Bxd5 {[%clk 0:00:44]} 41. Qxd5 {[%clk 0:09:53]} Rc7
{[%clk 0:00:40]} 42. Qd6 {[%clk 0:09:00]} Rcxe7 {[%clk 0:00:59]} 43. Qxa6
{[%clk 0:09:01]} Re2+ {[%clk 0:01:06]} 44. Kg3 {[%clk 0:09:13]} R8e3+ 45. Kf4
{[%clk 0:09:35]} Re4+ {[%clk 0:01:13]} 46. Kxe4 1/2-1/2

[Event "EUYCC 2025 - U10"]
[Site "?"]
[Date "2025.08.24"]
[Round "6.3"]
[White "Hlavacek, Pavel"]
[Black "Grigorescu, Stefan"]
[Result "0-1"]
[BlackElo "1465"]
[WhiteElo "1923"]
[LiveChessVersion "1.4.8"]

1. d4 {[%clk 1:30:58]} d6 {[%clk 1:30:56]} 2. c4 {[%clk 1:31:14]} Nd7
{[%clk 1:31:17]} 3. Nf3 {[%clk 1:30:59]} e5 {[%clk 1:31:38]} 4. Nc3
{[%clk 1:28:35]} Ngf6 {[%clk 1:31:58]} 5. Bg5 {[%clk 1:26:58]} Be7
{[%clk 1:32:17]} 6. e3 {[%clk 1:24:47]} O-O {[%clk 1:32:22]} 7. Be2
{[%clk 1:22:18]} c6 {[%clk 1:32:26]} 8. O-O {[%clk 1:18:42]} Qc7 {[%clk 1:28:48]}
9. Qc2 {[%clk 1:11:21]} Re8 {[%clk 1:28:17]} 10. Rfd1 {[%clk 0:58:44]} Nf8
{[%clk 1:27:06]} 11. c5 {[%clk 0:50:10]} exd4 {[%clk 1:23:11]} 12. cxd6
{[%clk 0:47:15]} Bxd6 {[%clk 1:23:23]} 13. Bxf6 {[%clk 0:46:23]} dxc3
{[%clk 1:22:37]} 14. Bxc3 {[%clk 0:46:36]} Bg4 {[%clk 1:19:31]} 15. h3
{[%clk 0:45:28]} Bh5 {[%clk 1:19:42]} 16. Nh4 {[%clk 0:34:18]} Bxe2
{[%clk 1:17:31]} 17. Qxe2 {[%clk 0:34:40]} Be5 {[%clk 1:17:16]} 18. Bxe5
{[%clk 0:29:21]} Qxe5 {[%clk 1:14:30]} 19. Nf3 {[%clk 0:28:06]} Qf6
{[%clk 1:12:48]} 20. Qc2 {[%clk 0:19:50]} Rad8 {[%clk 1:11:28]} 21. Qc3
{[%clk 0:19:33]} Qxc3 {[%clk 1:10:32]} 22. bxc3 {[%clk 0:20:01]} Ne6
{[%clk 1:10:53]} 23. Nd4 {[%clk 0:18:39]} Nxd4 {[%clk 1:07:27]} 24. cxd4
{[%clk 0:18:56]} Rd5 {[%clk 1:05:20]} 25. Rab1 {[%clk 0:19:09]} Re7
{[%clk 1:03:33]} 26. Rdc1 {[%clk 0:19:00]} f5 {[%clk 1:03:12]} 27. g3
{[%clk 0:17:35]} g5 {[%clk 1:03:13]} 28. Rb3 {[%clk 0:16:46]} f4 {[%clk 0:42:43]}
29. g4 {[%clk 0:16:47]} a6 {[%clk 0:40:53]} 30. Rcb1 {[%clk 0:14:58]} fxe3
{[%clk 0:40:31]} 31. fxe3 {[%clk 0:15:18]} c5 {[%clk 0:35:31]} 32. dxc5
{[%clk 0:06:43]} Rxc5 {[%clk 0:35:13]} 33. R1b2 {[%clk 0:04:54]} b5
{[%clk 0:33:08]} 34. Rf2 {[%clk 0:03:24]} Rc1+ {[%clk 0:30:18]} 35. Kg2
{[%clk 0:03:26]} Rec7 {[%clk 0:24:37]} 36. e4 {[%clk 0:02:09]} R1c2
{[%clk 0:24:26]} 37. Rbf3 {[%clk 0:01:53]} Rxf2+ {[%clk 0:24:25]} 38. Rxf2
{[%clk 0:02:18]} Rf7 {[%clk 0:24:11]} 39. Rf5 {[%clk 0:01:11]} h6
{[%clk 0:23:26]} 40. Kf3 {[%clk 0:01:19]} Kg7 {[%clk 0:21:53]} 41. Ke3
{[%clk 0:01:36]} Rc7 {[%clk 0:22:00]} 42. e5 {[%clk 0:01:34]} b4 {[%clk 0:20:45]}
43. Rf2 {[%clk 0:01:19]} b3 {[%clk 0:20:09]} 44. axb3 {[%clk 0:01:45]} Rc3+
{[%clk 0:20:32]} 45. Kd4 {[%clk 0:02:09]} Rxb3 {[%clk 0:20:53]} 46. e6
{[%clk 0:02:11]} Rb1 {[%clk 0:19:08]} 47. Re2 {[%clk 0:00:57]} Kf8
{[%clk 0:19:26]} 48. Ke5 {[%clk 0:00:58]} Ke7 {[%clk 0:19:42]} 49. Rc2
{[%clk 0:00:39]} Re1+ {[%clk 0:19:51]} 50. Kf5 {[%clk 0:00:59]} Rxe6
{[%clk 0:18:09]} 51. Rc7+ {[%clk 0:01:21]} Kd6 {[%clk 0:18:32]} 52. Ra7
{[%clk 0:01:36]} Kd5 {[%clk 0:18:56]} 53. Rd7+ {[%clk 0:01:49]} Rd6
{[%clk 0:19:17]} 54. Re7 {[%clk 0:02:00]} Kc5 {[%clk 0:18:47]} 55. Ke5
{[%clk 0:01:45]} Rd3 {[%clk 0:18:09]} 56. Rc7+ {[%clk 0:01:36]} Kb6
{[%clk 0:18:04]} 57. Rc4 {[%clk 0:01:18]} Rxh3 {[%clk 0:18:26]} 58. Kf5
{[%clk 0:01:15]} Rf3+ {[%clk 0:18:46]} 59. Kg6 {[%clk 0:01:27]} Rf4
{[%clk 0:19:07]} 60. Rc2 {[%clk 0:00:53]} Rxg4 {[%clk 0:19:23]} 61. Kxh6
{[%clk 0:01:19]} a5 {[%clk 0:19:30]} 62. Kh5 {[%clk 0:01:34]} Rg1
{[%clk 0:19:50]} 63. Rb2+ {[%clk 0:01:56]} Kc5 {[%clk 0:20:12]} 64. Rc2+
{[%clk 0:02:07]} Kb4 {[%clk 0:20:27]} 65. Re2 {[%clk 0:02:18]} a4
{[%clk 0:20:50]} 66. Re4+ {[%clk 0:02:43]} Kb3 {[%clk 0:21:10]} 67. Re3+
{[%clk 0:03:07]} Ka2 {[%clk 0:21:08]} 68. Re2+ {[%clk 0:03:30]} Kb3
{[%clk 0:21:32]} 69. Re3+ {[%clk 0:03:54]} Kb4 {[%clk 0:21:44]} 70. Re4+
{[%clk 0:04:17]} Kb5 {[%clk 0:21:58]} 71. Re5+ {[%clk 0:04:38]} Kc6
{[%clk 0:22:08]} 72. Re2 {[%clk 0:04:26]} Ra1 {[%clk 0:22:20]} 73. Kxg5
{[%clk 0:04:32]} a3 {[%clk 0:22:41]} 74. Kf4 {[%clk 0:04:57]} Kb5
{[%clk 0:22:33]} 75. Ke4 {[%clk 0:03:52]} Kc4 {[%clk 0:22:48]} 76. Rc2+
{[%clk 0:04:06]} Kb3 {[%clk 0:23:06]} 77. Rh2 {[%clk 0:03:41]} Re1+
{[%clk 0:22:54]} 78. Kd5 {[%clk 0:03:46]} a2 {[%clk 0:23:12]} 79. Rh3+
{[%clk 0:04:12]} Kb2 {[%clk 0:23:29]} 80. Rh2+ {[%clk 0:04:37]} Kb1
{[%clk 0:23:49]} 0-1

[Event "EUYCC 2025 - U10"]
[Site "?"]
[Date "2025.08.24"]
[Round "6.4"]
[White "Macharacek, Jakub"]
[Black "Lobina, Thomas"]
[Result "0-1"]
[BlackElo "1959"]
[WhiteElo "1677"]
[LiveChessVersion "1.4.8"]

1. e4 {[%clk 1:30:57]} c5 {[%clk 1:30:55]} 2. Nf3 {[%clk 1:31:22]} d6
{[%clk 1:31:20]} 3. d4 {[%clk 1:31:47]} cxd4 {[%clk 1:31:45]} 4. Nxd4
{[%clk 1:32:12]} Nf6 {[%clk 1:32:10]} 5. Nc3 {[%clk 1:32:36]} g6 {[%clk 1:32:31]}
6. Be3 {[%clk 1:33:00]} Nc6 {[%clk 1:32:55]} 7. f3 {[%clk 1:33:17]} h5
{[%clk 1:33:06]} 8. Qd2 {[%clk 1:30:57]} Nxd4 {[%clk 1:33:26]} 9. Bxd4
{[%clk 1:31:02]} Bh6 {[%clk 1:33:50]} 10. Be3 {[%clk 1:26:08]} Bxe3
{[%clk 1:34:14]} 11. Qxe3 {[%clk 1:26:35]} Be6 {[%clk 1:34:25]} 12. Bb5+
{[%clk 1:23:52]} Kf8 {[%clk 1:34:44]} 13. O-O {[%clk 1:19:15]} Kg7
{[%clk 1:31:12]} 14. Rad1 {[%clk 1:07:53]} Qa5 {[%clk 1:26:32]} 15. Be2
{[%clk 0:54:44]} Rac8 {[%clk 1:21:20]} 16. a3 {[%clk 0:48:24]} a6
{[%clk 1:13:05]} 17. Rd2 {[%clk 0:42:24]} Rc7 {[%clk 1:03:13]} 18. Rfd1
{[%clk 0:32:23]} Rhc8 {[%clk 1:03:02]} 19. Qd4 {[%clk 0:24:04]} b5
{[%clk 0:47:34]} 20. Kf2 {[%clk 0:17:55]} Bc4 {[%clk 0:36:58]} 21. Bd3
{[%clk 0:14:42]} Kg8 {[%clk 0:33:22]} 22. f4 {[%clk 0:04:02]} e5 {[%clk 0:27:18]}
23. Qxd6 {[%clk 0:02:57]} Rc6 {[%clk 0:26:56]} 24. Qb4 {[%clk 0:01:50]} Qb6+
{[%clk 0:27:08]} 25. Kf1 {[%clk 0:02:15]} a5 {[%clk 0:25:51]} 26. Qe7
{[%clk 0:02:30]} Re6 {[%clk 0:25:48]} 0-1